Sahithyamanjari (Record no. 11563)
[ view plain ]
| 000 -LEADER | |
|---|---|
| fixed length control field | 00802nam a2200145Ia 4500 |
| 008 - FIXED-LENGTH DATA ELEMENTS--GENERAL INFORMATION | |
| fixed length control field | 210324s9999||||xx |||||||||||||| ||und|| |
| 040 ## - CATALOGING SOURCE | |
| Transcribing agency | STCPL |
| 082 ## - DEWEY DECIMAL CLASSIFICATION NUMBER | |
| Classification number | 894.8121 |
| Item number | VAL-S |
| 245 #0 - TITLE STATEMENT | |
| Title | Sahithyamanjari |
| Title in other language | സാഹിത്യമഞ്ജരി |
| 260 ## - PUBLICATION, DISTRIBUTION, ETC. | |
| Place of publication, distribution, etc. | Kottayam |
| Name of publisher, distributor, etc. | National Book Stall |
| Date of publication, distribution, etc. | 1964 |
| 300 ## - PHYSICAL DESCRIPTION | |
| Extent | 90p, 16CM |
| 650 ## - SUBJECT ADDED ENTRY--TOPICAL TERM | |
| Topical term or geographic name entry element | Generalप्रयुक्त पतियाँ, प्रतियों का पाठ- सडठन, पाठ - निधरिण रचना - तिथि, बीसल देव रास का काव्यात्व, प्रतियों का पाठ सम्बन्द सूत्र, विषय प्रवेश, काव्यवस्तु और उनकी ऐतिहासिकता |
| 942 ## - ADDED ENTRY ELEMENTS (KOHA) | |
| Koha item type | Books |
| 041 ## - LANGUAGE CODE | |
| Language code of original | Malayalam |
| Withdrawn status | Lost status | Damaged status | Not for loan | Home library | Current library | Shelving location | Date acquired | Cost, normal purchase price | Total Checkouts | Full call number | Barcode | Date last seen | Price effective from | Koha item type |
|---|---|---|---|---|---|---|---|---|---|---|---|---|---|---|
| ST. THOMAS COLLEGE LIBRARY, PALAI | ST. THOMAS COLLEGE LIBRARY, PALAI | 2021-07-10 | 1.50 | 894.8121 -S | 19052 | 2021-07-10 | 2021-07-10 | Books |
